000 01153cam a22002891i 4500
003 SA-RiAUC
005 20250103125550.0
008 250102s1980 ku f b 00010 ara c
040 _aSA-RiAUC
_bara
_cSA-RiAUC
_erda
082 0 4 _a257.1
_qSA-RiAUC
090 _a257.1
_bخ ا ل
100 1 _aالخالدي، محمود
_eمؤلف.
245 1 0 _aقواعد نظام الحكم في الإسلام /
_cمحمود عبد المجيد الخالدي.
250 _aالطبعة الأولى.
264 1 _aالكويت :
_bدار البحوث العلمية،
_c1980
300 _a437 صفحة ؛
_c24 سم
336 _aنص
_btxt
_2rdacontent
_3كتاب
337 _aبدون وسيط
_bn
_2rdamedia
338 _aمجلد
_bnc
_2rdacarrier
500 _aالأصل أطروحة دكتوراه في علم السياسة الشرعية.
504 _aببليوجرافية : صفحة 377-405.
650 7 _aالإسلام والدولة
_2aucsh
650 7 _aنظم الحكم في الإسلام
_2aucsh
650 7 _aالنظام السياسي في الإسلام
_2aucsh
942 _2ddc
_cBOOK
_n0
949 _aSA-JeALM
_d250102
_uosman123
_n1
999 _c4377
_d4377